000
00340 a2200157 4500
001
76109
020
_a
9788526024762
040
_c
Anchieta - Colégio São Paulo
100
_a
Queirós, Bartolemeu Campos de
240
1
0
_a
O rio
_l
por
245
1
0
_a
O rio
300
_a
40
362
0
_a
2019
650
4
_a
Literatura juvenil
942
_c
BK
999
_c
76109
_d
76109